champagne problems - Taylor Swift Lyrics - Statistics

General Stats
  • This quiz has been taken 9,519 times
  • The average score is 235 of 286
Answer Stats
Answer % Correct
a
99%
I
99%
the
99%
You
99%
you
99%
champagne
96%
in
96%
problems
96%
for
95%
your
95%
Your
95%
on
94%
So
93%
so
93%
to
93%
it
92%
no
91%
No
91%
reason
91%
could
90%
night
90%
train
90%
And
89%
and
89%
there
89%
was
89%
One
88%
this
88%
"This
88%
hand
86%
Love
86%
My
86%
my
86%
dancing
85%
dropped
85%
made
85%
out
85%
"She
85%
what
85%
while
85%
of
84%
sit
83%
standing
83%
that
83%
we
83%
Don't
82%
don't
82%
friends
82%
head"
82%
left
82%
never
82%
Never
82%
pocket
82%
they
82%
wallet
82%
go
81%
is
81%
picture
81%
ring
81%
fucked
80%
shame
80%
you're
80%
booked
79%
bride
79%
me"
79%
money
79%
she's
79%
two
79%
lovely
78%
show
78%
such
78%
know
77%
once
77%
say
77%
sister
77%
couldn't
76%
heart
76%
mom's
76%
watch
76%
crowd
75%
glass
75%
not
75%
Now
75%
ready
75%
said
75%
answer
74%
celebrating
74%
group
74%
hurt
74%
it's
74%
just
74%
keep
74%
Sometimes
74%
"Well
74%
we'll
74%
which
74%
would've
74%
again
73%
bottle
73%
joke
73%
madhouse"
73%
silent
73%
word
73%
worse
73%
Because
72%
door
72%
family
72%
knees
72%
landing
72%
one's
72%
sleepers
72%
their
72%
think
72%
find
71%
have
71%
how
71%
our
71%
sure
71%
But
70%
evergreen
70%
real
70%
splashed
70%
told
70%
you'll
70%
her
69%
instead
69%
someone's
69%
thing
69%
touch
69%
November
68%
Til
68%
walked
68%
called
67%
Chevy
67%
dorm
67%
or
67%
through
67%
all
66%
crestfallen
66%
up
66%
crowds
65%
cure
65%
give
65%
leave
65%
asks
64%
deck
64%
flannel
64%
halls
64%
hometown
64%
tapestry
64%
flush
63%
nerve
63%
shred
63%
had
62%
Midas
62%
soon
62%
speech
62%
Bustling
61%
patch
61%
speechless
61%
won't
61%
brought
60%
remember
60%
She'll
60%
they'll
60%
applauded
59%
hold
58%
with
58%
skeptics
57%
beyond
53%
Dom
52%
reaches
52%
Perignon
44%
slipped
41%
No matching quizzes found
Score Distribution
Percent of People with Each Score
Percentile by Number Answered
Your Score History
You have not taken this quiz